Statistiques concernant Pays organisateurs des Jeux équestres mondiaux

Cliquez ici pour prendre le quiz!

Statistiques générales

  • Ce quiz a été pris 35 fois
  • Le résultat moyen est 7 sur 8

Statistiques - réponses

AnnéePays% Correct
2014France (Caen)
100%
2010Etats-Unis (Lexington)
97%
2018Etats-Unis (Tryon)
97%
2002Espagne (Jerez de la Frontera)
88%
2006Allemagne (Aix-la-Chapelle)
85%
1998Italie (Rome)
85%
1990Suède (Stockholm)
59%
1994Pays-Bas (La Haye)
53%

Distribution des résultats

Percentile par nombre de réponses

% des personnes avec chaque résultat

Votre développement - résultats

Vous n’avez pas pris ce quiz